Krajinno-ekologické aspekty lesníckych stavieb : Zborník ref. zo seminára, jún 1994 /

Uloženo v:
Podrobná bibliografie
Hlavní autor: Čaňová, Ingrid
Korporativní autor: Zborník ref. zo seminára
Médium: Konferenční příspěvek Kniha
Jazyk:slovenština
Vydáno: Zvolen : Technická univerzita, 1994
Vydání:1. vyd.
Témata:
ISBN:8022803316
On-line přístup: Získat plný text
Tagy: Přidat tag
Žádné tagy, Buďte první, kdo vytvoří štítek k tomuto záznamu!

MARC

LEADER 00000nam a2200000 4500
003 SK-BrCVT
005 20220617180641.0
008 940811s1994 xo e ||||||slo d
020 |a 8022803316 
035 |a CVTIDW0922848 
040 |b slo  |a CVTI SR 
041 0 |a slo 
044 |a xo 
080 |a 378.663.0:630x38(08)  |2 UDC-MRF 
080 |a 630x38:504(08)  |2 UDC-MRF 
100 1 |a Čaňová, Ingrid 
111 0 |a Zborník ref. zo seminára  |f jún 1994 
245 1 0 |a Krajinno-ekologické aspekty lesníckych stavieb :  |b Zborník ref. zo seminára, jún 1994 /  |c Autori: Ingrid Čaňová a kol. 
250 |a 1. vyd. 
260 |a Zvolen :  |b Technická univerzita,  |c 1994 
300 |a 61 s. :  |b grafy, lit., obr., tab. ; 
500 |a Lesnícka fakulta. Katedra lesníckych stavieb a meliorácií 
653 1 |a protierózna ochrana pôdy  |a lesná cesta  |a úprava bystrín  |a lesnícka meliorácia 
910 |b A543794 
919 |a 80-228-0331-6 
974 |f Knihy 
992 |a AZN 
999 |c 81170  |d 81170